000 00568nam a22002057a 4500
003 BUBTL
008 221123b ||||| |||| 00| 0 eng d
020 _a9780521618748
082 _a822.33/ Sh152h/ 2005
100 _91990
_aShakespeare
245 _aHamlet :
_bShakespeare
250 _a2nd Edn
260 _aNew York
_bCambridge University Press
_cc2005
300 _a[xii],276p. :
_b23 cm
650 0 _94940
_aEnglish Literater
700 _91990
_aShakespeare
856 _k0
_l0
_yDownload
942 _2ddc
_cBK
999 _c6832
_d6832